000 00287nam a2200121Ia 4500
008 190216s9999||||xx |||||||||||||| ||und||
100 _aRavindra Nath Tagoor
245 0 _aHindi- Aamck Ki Kir Kiri
260 _bRaj Basha Pusthak
_c2004
300 _a208
650 _aHindi
942 _cBK
999 _c16491
_d16491